[Event "Championnat de la Loire - Open"]
[Site "Loire"]
[Date "2010.02.06"]
[Round "7.14"]
[White "Marie, Michel"]
[Black "Swietlicki, Jordan"]
[Result "0-1"]
[WhiteElo "1499"]
[BlackElo "1350"]
[PlyCount "66"]
[EventDate "2010.??.??"]

1. e4 e5 2. Nc3 d6 3. Nf3 Nf6 4. h3 h6 5. d4 exd4 6. Nxd4 Bd7 7. Bc4 Be7 8. O-O
O-O 9. Re1 c5 10. Nf5 Bxf5 11. exf5 Nbd7 12. Bf4 Nb6 13. b3 d5 14. Be2 a6 15.
Bf3 Qd7 16. Qd3 Bd8 17. a3 Rc8 18. a4 a5 19. Nb5 c4 20. bxc4 Rxc4 21. Bd6 Re8
22. Bb8 Rxe1+ 23. Rxe1 Rxa4 24. Qb3 Qxf5 25. Nd6 Qd7 26. Be2 Rb4 27. Qc3 Ne4
28. Qe5 Nxd6 29. Bxd6 Re4 30. Qg3 Qe6 31. Kf1 Nc4 32. Bf4 Kf8 33. Bg4 Rxe1# 0-1

[Event "Championnat de la Loire - Open"]
[Site "Loire"]
[Date "2010.02.06"]
[Round "7.15"]
[White "Victoria, Philippe"]
[Black "Megnot, Philippe"]
[Result "0-1"]
[WhiteElo "1050"]
[BlackElo "1420"]
[PlyCount "106"]
[EventDate "2010.??.??"]

1. e4 c5 2. Nf3 Nc6 3. g3 d6 4. Bg2 g6 5. d4 cxd4 6. Nxd4 Bg7 7. Be3 Nf6 8.
Nxc6 bxc6 9. e5 Nd5 10. Bxd5 Qa5+ 11. Nc3 cxd5 12. Qxd5 Qxd5 13. Nxd5 O-O 14.
Nxe7+ Kh8 15. exd6 Ba6 16. O-O-O Rab8 17. b3 Bb7 18. Rhg1 Bf3 19. Rd2 Bg4 20.
d7 Rbd8 21. Nc6 Rxd7 22. Rxd7 Bxd7 23. Nxa7 Bg4 24. Kb1 Rd8 25. Kc1 Bf3 26. a4
Bc3 27. g4 Kg8 28. Bb6 Rd7 29. Nb5 Bg7 30. c3 Rd3 31. Re1 Bxc3 32. Nxc3 Rxc3+
33. Kb2 Rc8 34. a5 Bxg4 35. a6 Bf3 36. a7 g5 37. b4 Kf8 38. Rc1 Rxc1 39. a8=Q+
Bxa8 40. Kxc1 Ke7 41. Bc5+ Ke6 42. b5 f5 43. Kd2 h5 44. h3 g4 45. h4 Ke5 46.
Ke3 f4+ 47. Ke2 g3 48. fxg3 fxg3 49. b6 Kf4 50. Kf1 Kg4 51. Kg1 Kxh4 52. Bb4
Kg4 53. Be1 h4 0-1

[Event "Championnat de la Loire - Open"]
[Site "Aurec"]
[Date "2010.02.06"]
[Round "8.1"]
[White "Bednar, Emile"]
[Black "Rasle, Jean-Michel"]
[Result "1-0"]
[WhiteElo "1860"]
[BlackElo "1680"]
[PlyCount "73"]
[EventDate "2010.??.??"]

1. e4 e6 2. d4 d5 3. Nc3 c5 4. Nf3 dxe4 5. Nxe4 cxd4 6. Nxd4 Be7 7. c3 Nf6 8.
Bd3 Nbd7 9. O-O O-O 10. Be3 a6 11. Qc2 Nxe4 12. Bxe4 Nf6 13. Bf3 Qc7 14. Rad1
Rd8 15. Ne2 Bd7 16. Qb3 Bc6 17. Bb6 Qc8 18. Bxd8 Bxd8 19. Bxc6 Qxc6 20. Nd4 Qc7
21. Nf3 Be7 22. Rd3 Bc5 23. Qd1 h6 24. Qe2 g5 25. Qe5 Qe7 26. b4 Ba7 27. h3 Rf8
28. Rfd1 g4 29. Nd4 gxh3 30. Rxh3 Kh7 31. Rxh6+ Kxh6 32. Nf5+ Kh7 33. Nxe7
Bxf2+ 34. Kf1 Bh4 35. Qh2 Re8 36. Qxh4+ Kg7 37. Qg5+ 1-0

[Event "Championnat de la Loire - Open"]
[Site "Aurec"]
[Date "2010.02.06"]
[Round "8.2"]
[White "Desassis, Maxence"]
[Black "Andre, Gregory"]
[Result "0-1"]
[WhiteElo "1750"]
[BlackElo "1499"]
[PlyCount "86"]
[EventDate "2010.??.??"]

1. d4 Nf6 2. Nf3 g6 3. Bg5 Bg7 4. e3 d6 5. Bd3 O-O 6. O-O Nc6 7. a3 Qe8 8. Nbd2
e5 9. Bxf6 Bxf6 10. Ne4 Bg7 11. d5 Ne7 12. Nc3 a6 13. e4 f5 14. Ng5 f4 15. Ne6
Bxe6 16. dxe6 g5 17. Qg4 Bf6 18. Nd5 Rc8 19. Nxf6+ Rxf6 20. Qxg5+ Rg6 21. Qh5
Rxg2+ 22. Kxg2 Qxh5 23. f3 Kh8 24. Rf2 Qg6+ 25. Kf1 Qxe6 26. b3 b5 27. a4 c6
28. Ke2 Ng6 29. Rg2 Qh3 30. Rf2 Nh4 31. axb5 axb5 32. c4 Rb8 33. Ra7 Qc8 34.
Ke1 Ra8 35. Rxa8 Qxa8 36. cxb5 cxb5 37. Bc2 Qa1+ 38. Kd2 Qd4+ 39. Ke2 Qe3+ 40.
Kf1 Nxf3 41. Bd1 Qc1 42. Kg2 Nh4+ 43. Kh3 b4 0-1

[Event "Championnat de la Loire - Open"]
[Site "Aurec"]
[Date "2010.02.06"]
[Round "8.3"]
[White "Buisine, Roman"]
[Black "Volay, Pascal"]
[Result "1-0"]
[WhiteElo "1720"]
[BlackElo "1560"]
[PlyCount "83"]
[EventDate "2010.??.??"]

1. e4 e5 2. Nf3 Nc6 3. Bb5 a6 4. Bxc6 dxc6 5. d4 exd4 6. Qxd4 Qxd4 7. Nxd4 c5
8. Nf3 Nf6 9. Nc3 Be7 10. Bf4 c6 11. O-O-O O-O 12. Bd6 Bxd6 13. Rxd6 Be6 14.
Ng5 Rfe8 15. Nxe6 Rxe6 16. Rxe6 fxe6 17. Rd1 Kf7 18. f3 b5 19. Rd6 Rc8 20. e5
Nd5 21. Nxd5 exd5 22. Rd7+ Kf8 23. Ra7 Re8 24. f4 g5 25. g3 gxf4 26. gxf4 Kg8
27. Rxa6 Re6 28. Kd2 Kg7 29. Ra7+ Kg6 30. Ke3 h6 31. Kf3 h5 32. Ra8 Kg7 33. Rd8
b4 34. b3 Kg6 35. Rd6 Rxd6 36. exd6 Kf7 37. f5 c4 38. bxc4 dxc4 39. Ke4 Kf6 40.
Kd4 b3 41. cxb3 cxb3 42. axb3 1-0

[Event "Championnat de la Loire - Open"]
[Site "Aurec"]
[Date "2010.02.06"]
[Round "8.4"]
[White "Doran, Niall"]
[Black "Martin, Julien"]
[Result "1-0"]
[WhiteElo "1480"]
[BlackElo "1410"]
[PlyCount "69"]
[EventDate "2010.??.??"]

1. e4 e5 2. Nf3 d6 3. d4 exd4 4. Qxd4 Nc6 5. Bb5 Bd7 6. Bxc6 Bxc6 7. O-O Nf6 8.
Re1 Nh5 9. Nc3 Be7 10. Nd5 Bf6 11. Nxf6+ Nxf6 12. Bg5 O-O 13. Bxf6 Qxf6 14.
Qxf6 gxf6 15. Nd4 Bd7 16. Re3 c5 17. Nf5 Bxf5 18. exf5 Rfe8 19. Rae1 Rxe3 20.
Rxe3 b6 21. Kf1 d5 22. Ke2 d4 23. Re7 Kf8 24. Re4 Re8 25. Kd3 Rxe4 26. Kxe4 Ke7
27. Kd5 Kd7 28. g4 a5 29. a4 h6 30. h4 Kc7 31. f4 Kd7 32. b3 Kc7 33. g5 fxg5
34. fxg5 h5 35. g6 1-0

[Event "Championnat de la Loire - Open"]
[Site "Aurec"]
[Date "2010.02.06"]
[Round "8.5"]
[White "Joly, Christian"]
[Black "Rasle, Corentin"]
[Result "1-0"]
[WhiteElo "1450"]
[BlackElo "1380"]
[PlyCount "63"]
[EventDate "2010.??.??"]

1. e4 e6 2. d4 d5 3. Nc3 Bb4 4. a3 Bxc3+ 5. bxc3 Ne7 6. e5 c5 7. Nf3 Nbc6 8.
Be2 Bd7 9. O-O Qa5 10. Bd2 Nf5 11. c4 Qa4 12. cxd5 exd5 13. dxc5 Nfd4 14. Nxd4
Qxd4 15. Bf3 O-O 16. Be3 Qxe5 17. Qxd5 Qxd5 18. Bxd5 Rfe8 19. Rab1 Rab8 20. Bf4
Rbc8 21. Rxb7 Red8 22. Bg5 Rb8 23. Rfb1 Be8 24. Bxd8 Rxd8 25. Bxc6 Bxc6 26. Rb8
Re8 27. Rxe8+ Bxe8 28. Rb8 Kf8 29. c6 Ke7 30. c7 Bd7 31. c8=Q Bxc8 32. Rxc8 1-0

[Event "Championnat de la Loire - Open"]
[Site "Aurec"]
[Date "2010.02.06"]
[Round "8.6"]
[White "Trottet, Francois"]
[Black "Daillere, Roland"]
[Result "1-0"]
[WhiteElo "1430"]
[BlackElo "1340"]
[PlyCount "62"]
[EventDate "2010.??.??"]

1. e4 d5 2. exd5 Qxd5 3. Nc3 Qa5 4. d4 Nf6 5. Bd3 e5 6. Qe2 Nc6 7. Nf3 Bg4 8.
dxe5 Nxe5 9. Qxe5+ Qxe5+ 10. Nxe5 Bd6 11. Bf4 O-O 12. O-O Rae8 13. Rfe1 Re7 14.
h3 Bh5 15. Re3 Bxe5 16. Bxe5 Rfe8 17. Rae1 c6 18. Bxf6 Rxe3 19. fxe3 gxf6 20.
Ne4 Kg7 21. Rf1 Bg6 22. Nxf6 Rxe3 23. Bxg6 hxg6 24. Ng4 Re2 25. Rc1 b5 26. Nf2
a5 27. Kf1 Re6 28. Nd3 Kh6 29. Re1 Rf6+ 30. Nf2 Kh5 31. Re4 Rf5 1-0

[Event "Championnat de la Loire - Open"]
[Site "Aurec"]
[Date "2010.02.06"]
[Round "8.7"]
[White "Mazet, Christian"]
[Black "Liogier, Pascal"]
[Result "0-1"]
[WhiteElo "1620"]
[BlackElo "1400"]
[PlyCount "90"]
[EventDate "2010.??.??"]

1. d4 Nf6 2. c4 d5 3. cxd5 Nxd5 4. e4 Nb6 5. Nc3 e6 6. Nf3 a6 7. Bd3 Nc6 8. Be3
Nb4 9. Be2 Be7 10. a3 Nc6 11. Rc1 Na5 12. O-O O-O 13. d5 Nbc4 14. Bxc4 Nxc4 15.
dxe6 Bxe6 16. Nd5 Bxd5 17. exd5 Nd6 18. Qc2 Rc8 19. Rfd1 Bf6 20. Bd4 Re8 21.
Bxf6 Qxf6 22. Rd4 Qf5 23. Qd2 Ne4 24. Qd3 c5 25. dxc6 Rxc6 26. Rxc6 bxc6 27.
Rd8 Qe6 28. Rxe8+ Qxe8 29. h3 h6 30. Qxa6 Kf8 31. Nd4 c5 32. Nf3 Qb8 33. Qe2
Nf6 34. Qc2 Qd6 35. Qe2 Qe7 36. Qc4 Qd6 37. Qe2 Qb8 38. Qc2 Qd6 39. Nd2 Kg8 40.
Nb3 Nd7 41. Qc4 Qd1+ 42. Kh2 Qd6+ 43. g3 Qc6 44. Na5 Qa8 45. Nb3 Ne5 0-1

[Event "Championnat de la Loire - Open"]
[Site "Aurec"]
[Date "2010.02.06"]
[Round "8.8"]
[White "Brachet, Gerard"]
[Black "Desassis, Jean-Francois"]
[Result "0-1"]
[WhiteElo "1470"]
[BlackElo "1540"]
[PlyCount "60"]
[EventDate "2010.??.??"]

1. e4 c5 2. c4 Nc6 3. Nc3 Nf6 4. d3 d6 5. Be2 g6 6. Nf3 Bg7 7. O-O O-O 8. Rb1
Bd7 9. a3 a6 10. Be3 Ng4 11. Qd2 Nxe3 12. fxe3 Bh6 13. Nd5 Nd4 14. Nf4 Nxe2+
15. Nxe2 b5 16. b3 Qb6 17. d4 b4 18. a4 Bg4 19. d5 Rae8 20. h3 Bc8 21. Nf4 e6
22. e5 Bg7 23. exd6 Qxd6 24. dxe6 Qxd2 25. exf7+ Rxf7 26. Nxd2 Rxe3 27. Nd5
Rxf1+ 28. Rxf1 Re2 29. Rf2 Bd4 30. Kh2 Bxf2 0-1

[Event "Championnat de la Loire - Open"]
[Site "Aurec"]
[Date "2010.02.06"]
[Round "8.9"]
[White "Barrandon, Georges"]
[Black "Boeuf, Jean-Julien"]
[Result "1-0"]
[WhiteElo "1499"]
[BlackElo "1440"]
[PlyCount "49"]
[EventDate "2010.??.??"]

1. e4 d6 2. Nf3 Nf6 3. Nc3 g6 4. Bc4 Bg7 5. O-O O-O 6. h3 c5 7. a3 Nc6 8. d3 a6
9. Rb1 b5 10. Ba2 Bb7 11. b4 Ne8 12. Ne2 Qd7 13. Ng5 e6 14. Ng3 Kh8 15. h4 h6
16. Nf3 Nc7 17. Bd2 d5 18. bxc5 dxe4 19. Nxe4 Ne5 20. Nxe5 Bxe5 21. Bxh6 Rg8
22. Bc1 Rad8 23. Qd2 Bg7 24. Bb2 Bxe4 25. Qh6# 1-0

[Event "Championnat de la Loire - Open"]
[Site "Aurec"]
[Date "2010.02.06"]
[Round "8.10"]
[White "Rogues, Jean-Luc"]
[Black "Chabas, Jean-Luc"]
[Result "0-1"]
[WhiteElo "1420"]
[BlackElo "1570"]
[PlyCount "54"]
[EventDate "2010.??.??"]

1. e4 c6 2. d4 d5 3. e5 Bf5 4. Bd3 Bxd3 5. Qxd3 e6 6. Nf3 Nd7 7. O-O c5 8. c3
Qb6 9. a3 Ne7 10. b4 cxd4 11. cxd4 Ng6 12. Nc3 Be7 13. Be3 O-O 14. Rac1 Qd8 15.
Na4 h6 16. Rc2 Rc8 17. Rfc1 Rxc2 18. Rxc2 Qb8 19. Nc5 Nxc5 20. bxc5 Qc7 21. Qb5
Rb8 22. Ne1 Bf8 23. Nd3 Ne7 24. a4 Nc6 25. Nb4 a6 26. Nxa6 bxa6 27. Qxa6 Nb4
0-1

[Event "Championnat de la Loire - Open"]
[Site "Aurec"]
[Date "2010.02.06"]
[Round "8.11"]
[White "Mialon, Franck"]
[Black "Boeuf, Jeremy"]
[Result "1-0"]
[WhiteElo "1350"]
[BlackElo "1499"]
[PlyCount "57"]
[EventDate "2010.??.??"]

1. e4 c6 2. d4 d5 3. exd5 cxd5 4. Nf3 Bf5 5. Bf4 h6 6. h3 e6 7. Bb5+ Nd7 8. O-O
a6 9. Ba4 b5 10. Bb3 Ngf6 11. a4 Qa5 12. Nc3 Qd8 13. axb5 axb5 14. Nxb5 Be7 15.
Nc7+ Kf8 16. Rxa8 Qxa8 17. Nxa8 g5 18. Be5 Kg7 19. Bxf6+ Bxf6 20. Nc7 g4 21.
Ne5 Bxe5 22. dxe5 Nxe5 23. Qd4 Kf6 24. f4 gxf3 25. Rxf3 h5 26. Bxd5 exd5 27.
Nxd5+ Ke6 28. Re3 f6 29. Nxf6 1-0

[Event "Championnat de la Loire - Open"]
[Site "Aurec"]
[Date "2010.02.06"]
[Round "8.12"]
[White "Schlick, Paul"]
[Black "Swietlicki, Jordan"]
[Result "1-0"]
[WhiteElo "1440"]
[BlackElo "1350"]
[PlyCount "71"]
[EventDate "2010.??.??"]

1. d4 d5 2. Nf3 e6 3. Bf4 Bd6 4. Bxd6 Qxd6 5. a3 Nc6 6. e3 Nf6 7. c4 O-O 8. c5
Qd8 9. Nc3 Bd7 10. Bd3 h6 11. O-O b6 12. b4 Rb8 13. b5 Na5 14. c6 Bc8 15. Ne5
Qd6 16. Qc2 Nc4 17. Nxc4 dxc4 18. Bxc4 e5 19. dxe5 Qxe5 20. Rad1 Be6 21. Bxe6
fxe6 22. Rd4 h5 23. h3 Qg5 24. Ne4 Qe5 25. Nxf6+ Qxf6 26. Rfd1 Qf5 27. Qxf5
Rxf5 28. Rd8+ Rxd8 29. Rxd8+ Kh7 30. a4 Rd5 31. Rd7 Rc5 32. Rxc7 a6 33. bxa6
Ra5 34. a7 Rxa4 35. Rb7 b5 36. c7 1-0

[Event "Championnat de la Loire - Open"]
[Site "Aurec"]
[Date "2010.02.06"]
[Round "8.13"]
[White "Febvret, Olivier"]
[Black "Allabrune, Guillaume"]
[Result "1-0"]
[WhiteElo "1499"]
[BlackElo "1370"]
[PlyCount "87"]
[EventDate "2010.??.??"]

1. e4 e5 2. Nf3 Nc6 3. Nc3 Nf6 4. Bc4 Bc5 5. d3 O-O 6. O-O Nd4 7. Nxe5 d6 8.
Nxf7 Rxf7 9. Bxf7+ Kxf7 10. Be3 Bg4 11. Qd2 Qd7 12. Bxd4 Bxd4 13. Kh1 Re8 14.
f3 Bh5 15. Rab1 d5 16. exd5 Nxd5 17. Nxd5 Qxd5 18. Qf4+ Kg8 19. Qxc7 Re2 20. c3
Bb6 21. Qc4 Bf7 22. Qxd5 Bxd5 23. h3 Bf7 24. Rfe1 Rxe1+ 25. Rxe1 Bg6 26. d4 Bd8
27. Re5 Kf7 28. g3 h6 29. Kg2 Bg5 30. f4 Bd8 31. Kf3 Bc7 32. Re1 Bh7 33. h4 Bf5
34. d5 Bd8 35. b4 a5 36. g4 Bd7 37. bxa5 Bxh4 38. Rb1 Bc8 39. Rb3 Be7 40. g5
Kg6 41. c4 h5 42. Ke4 Bd6 43. Rb6 Bf5+ 44. Kd4 1-0

[Event "Championnat de la Loire - Open"]
[Site "Aurec"]
[Date "2010.02.06"]
[Round "8.14"]
[White "Megnot, Philippe"]
[Black "Laffin, Mickael"]
[Result "1-0"]
[WhiteElo "1420"]
[BlackElo "1130"]
[PlyCount "131"]
[EventDate "2010.??.??"]

1. d4 d5 2. Nf3 Nf6 3. g3 Nc6 4. Bg2 Be6 5. c3 Bf5 6. Bf4 Be4 7. Nbd2 Bxf3 8.
Nxf3 e6 9. Qa4 Bd6 10. Ne5 Bxe5 11. dxe5 Ng4 12. h3 Nh6 13. Rd1 O-O 14. Bxh6
gxh6 15. Qf4 Na5 16. e4 c6 17. Qxh6 Nc4 18. f4 Nxb2 19. Rd2 Nc4 20. Rd3 f6 21.
exf6 Rxf6 22. Qg5+ Kh8 23. O-O Rg6 24. Qxd8+ Rxd8 25. Kh2 Rdg8 26. exd5 exd5
27. Re1 Nb2 28. Rde3 Rf6 29. Re8 Rff8 30. Rxf8 Rxf8 31. Re7 Nd3 32. Rxb7 a6 33.
Rb6 c5 34. Bxd5 Rd8 35. Bg2 a5 36. Ra6 Re8 37. Ra8 Rxa8 38. Bxa8 a4 39. Kg2 a3
40. Kf3 Nc1 41. Bd5 Nd3 42. Ke3 Ne1 43. Kd2 h5 44. Kxe1 Kg7 45. Kf2 Kf6 46. Kf3
Kf5 47. g4+ hxg4+ 48. hxg4+ Kf6 49. Ke4 c4 50. Bxc4 Kg7 51. g5 Kg6 52. Be6 Kh5
53. Kf5 Kh4 54. g6 Kg3 55. g7 Kf3 56. g8=Q Ke3 57. Qg3+ Kd2 58. c4 Kc2 59. Qb3+
Kc1 60. Ke4 Kd2 61. c5 Ke2 62. Bg4+ Kf2 63. Qe3+ Kg2 64. Qf3+ Kh2 65. Qf2+ Kh1
66. Bf3# 1-0

[Event "Championnat de la Loire - Open"]
[Site "Aurec"]
[Date "2010.02.06"]
[Round "8.15"]
[White "Victoria, Philippe"]
[Black "Richard, Nicolas"]
[Result "1/2-1/2"]
[WhiteElo "1050"]
[BlackElo "1199"]
[PlyCount "80"]
[EventDate "2010.??.??"]

1. Nf3 Nc6 2. g3 Nf6 3. Bg2 d5 4. O-O Bf5 5. d3 h6 6. Nbd2 e6 7. b3 Be7 8. c4
O-O 9. b4 Bxb4 10. Rb1 dxc4 11. Nxc4 b5 12. Nce5 Qd6 13. Nxc6 Qxc6 14. Rxb4 Nd5
15. Ne5 Qd6 16. Bxd5 exd5 17. e4 Be6 18. Rxb5 Qxe5 19. exd5 Bxd5 20. Re1 Qd6
21. Bf4 Qd7 22. Qa4 Bc6 23. Reb1 Rfb8 24. Rxb8+ Rxb8 25. Rxb8+ Kh7 26. Qc2 g6
27. Qc3 g5 28. Qh8+ Kg6 29. Rg8+ Kf5 30. Qe5+ Kg4 31. Rxg5+ hxg5 32. Qxg5+ Kf3
33. Qh5+ Qg4 34. Qxg4+ Kxg4 35. Bxc7 Bd5 36. a4 a6 37. d4 Bc6 38. a5 f5 39. f4
Bd5 40. h4 Kh5 1/2-1/2